Techniques for the dissection and mounting of the male (Aedeagus) and female (Spermatheca) genitilia of the Chrysomelidae (Coleoptera) (Registro nro. 12689)

Detalles MARC
000 -CABECERA
Campo de control 005840000a22001690004500
090 ## - CLASIFICACIÓN LOCAL
Colección AR
Consecutivo 03641
041 0# - IDIOMA
Código de idioma para texto/pista de sonido o título separado
100 1# - ASIENTO PRINCIPAL--NOMBRE PERSONAL
Nombre personal Smith, Eric H.
245 10 - MENCION DE TITULO
Título Techniques for the dissection and mounting of the male (Aedeagus) and female (Spermatheca) genitilia of the Chrysomelidae (Coleoptera)
650 14 - ASIENTO SECUNDARIO DE MATERIA - TERMINO TEMATICO
Término temático o nombre geográfico como elemento de entrada Entomología
650 14 - ASIENTO SECUNDARIO DE MATERIA - TERMINO TEMATICO
Término temático o nombre geográfico como elemento de entrada Coleópteros
650 14 - ASIENTO SECUNDARIO DE MATERIA - TERMINO TEMATICO
Término temático o nombre geográfico como elemento de entrada Colecciones biológicas
650 14 - ASIENTO SECUNDARIO DE MATERIA - TERMINO TEMATICO
Término temático o nombre geográfico como elemento de entrada Técnicas de disección
650 14 - ASIENTO SECUNDARIO DE MATERIA - TERMINO TEMATICO
Término temático o nombre geográfico como elemento de entrada Morfología animal
773 1# - Item fuente:
Título Coleopterists Bulletin
Descripción física 1
Paginas del Articulo 93-103
Lugar, editorial y fecha de publicación 1979
Información sobre la relación 33
942 ## - ELEMENTOS ADICIONALES (KOHA)
Tipo de ítem Artículo
Existencias
Withdrawn status Lost status Damaged status No para préstamo Colección Ubicación Permanente Ubicación actual Fecha de adquisición Datos de publicación Seriada Total Checkouts Número topográfico Inventario / Código de Barras Date last seen Price effective from Forma de adquisición Tipo de material
      No para Préstamo Hemeroteca Bogotá Bogotá 27/02/2015 Fuera de circulación   AR 03641 017199 25/03/2015 25/03/2015   Artículo